Top 10 des séries les plus populaires de la génération Netflix - Statistiques

Statistiques générales
  • Ce quiz a été pris 364 fois
  • Le résultat moyen est 4 sur 10
Statistiques - réponses
Classement Séries % Correct
4. Stranger Things
79%
5. Squid Game
68%
3. La Casa de Papel
58%
1. Breaking Bad
56%
6. The Walking Dead
35%
10. You
29%
2. Game of Thrones
22%
7. Peaky Blinders
20%
8. Vikings
12%
9. The Witcher
10%
Aucun quiz correspondant
Distribution des résultats
% des personnes avec chaque résultat
Percentile par nombre de réponses
Votre historique - résultats
Vous n’avez pas pris ce quiz